| 000 | 00643cab a2200229 4500 | ||
|---|---|---|---|
| 001 | WB3133-50 | ||
| 008 | 090401t1995 xxu||||| |||| 00| 0 eng d | ||
| 035 | _a(Sirsi) u61234 | ||
| 041 | _aeng | ||
| 245 | _aRICS attacks MAFF`s new IACS plans | ||
| 260 | _c1995 | ||
| 350 | _a0 | ||
| 490 |
_aRICS Press Release _v(PR119/95RUR) 4 September 1995, (2) |
||
| 520 | _aThe RICS criticises MAFF changes to IACS that require registering of changes in field boundaries. | ||
| 650 | _aFIELD BOUNDARIES | ||
| 650 | _aIACS RETURNS | ||
| 650 | _aMAFF | ||
| 650 | _aABOUT RICS | ||
| 690 | _aRURAL PRACTICE | ||
| 942 | _n0 | ||
| 948 | _c04/03/1997 | ||
| 999 |
_c37892 _d37892 |
||